000
00302nam a22001337a 4500
008
181206b xxu||||| |||| 00| 0 eng d
020
_a
9780877790259
041
_a
eng
080
_a
038
100
_a
23
101
_a
FJA
245
_a
Webster's Medical Desk Dictionary
_c
Websters
942
_2
udc
_c
BK
999
_c
52945
_d
52945